Statistics for USNews 2020-21 Top 150 U.S. Universities Quiz

Click here to take the quiz!

General Stats

  • This quiz has been taken 14 times
    (12 since last reset)
  • The average score is 125 of 158

Answer Stats

RankUniversity Name% Correct
1Princeton
100%
53 (tie)Purdue
100%
58 (tie)U of Pittsburgh
100%
58 (tie)U of Maryland - College Park
100%
133 (tie)U of Nebraska - Lincoln
100%
58 (tie)Florida State
100%
53 (tie)Villanova
100%
143 (tie)San Diego State
100%
53 (tie)Ohio State
100%
63 (tie)Penn State
100%
49 (tie)U of Miami (Florida)
100%
97 (tie)U of Utah
100%
47 (tie)U of Illinois Urbana-Champaign
100%
47 (tie)U of Georgia
100%
42 (tie)U of Wisconsin - Madison
100%
42 (tie)U of Texas - Austin
100%
42 (tie)Boston University
100%
58 (tie)U of Washington
100%
63 (tie)Rutgers - New Brunswick
100%
39 (tie)William & Mary
100%
103 (tie)U of Oregon
100%
103 (tie)Arizona State
100%
103 (tie)Miami University (Ohio)
100%
97 (tie)U of Arizona
100%
88 (tie)U of San Diego
100%
88 (tie)U of Iowa
100%
103 (tie)U of Colorado - Boulder
100%
80 (tie)Michigan State
100%
124 (tie)U of Kansas
100%
118 (tie)Rutgers - Newark
100%
2Harvard
100%
118 (tie)U of South Carolina
100%
74 (tie)Virginia Tech
100%
66 (tie)U of Minnesota - Twin Cities
100%
66 (tie)UMass - Amherst
100%
66 (tie)Texas A&M
100%
41Tulane
100%
49 (tie)Pepperdine
100%
97 (tie)U of Delaware
100%
16 (tie)Rice
100%
23Georgetown
100%
22UC Berkeley
100%
153 (tie)Rutgers - Camden
100%
20UCLA
100%
19Notre Dame
100%
18Cornell
100%
14 (tie)Brown
100%
24 (tie)USC (California)
100%
13Dartmouth
100%
9 (tie)Northwestern
100%
8UPenn
100%
6 (tie)UChicago
100%
6 (tie)Stanford
100%
4 (tie)MIT
100%
3Columbia
100%
24 (tie)U of Michigan
100%
16 (tie)WashU St. Louis
100%
26 (tie)Carnegie Mellon
100%
35 (tie)Georgia Tech
100%
30 (tie)U of Florida
100%
153 (tie)Oregon State
100%
34U of Rochester
100%
35 (tie)Boston College
100%
30 (tie)Tufts
100%
30 (tie)NYU
100%
26 (tie)U of Virginia
100%
28 (tie)UNC Chapel Hill
100%
80 (tie)North Carolina State
88%
80 (tie)Texas Christian University
88%
80 (tie)University of Denver
88%
88 (tie)SUNY Binghamton
88%
118 (tie)Iowa State
88%
112 (tie)U of Tennessee - Knoxville
88%
9 (tie)Caltech
88%
88 (tie)SUNY Buffalo
88%
35 (tie)UC Irvine
88%
42 (tie)Case Western
88%
153 (tie)Colorado State
88%
97 (tie)Auburn
88%
4 (tie)Yale
88%
9 (tie)Johns Hopkins
88%
12Duke
88%
80 (tie)Gonzaga
88%
133 (tie)U of Oklahoma
88%
28 (tie)Wake Forest
88%
63 (tie)U of Connecticut
88%
133 (tie)U of Kentucky
88%
66 (tie)George Washington University
88%
124 (tie)U of Missouri
88%
153 (tie)Louisiana State
88%
14 (tie)Vanderbilt
88%
74 (tie)Clemson
88%
76 (tie)American University
88%
76 (tie)Baylor
88%
76 (tie)Indiana University - Bloomington
88%
39 (tie)UC Davis
88%
103 (tie)U of San Francisco
75%
143 (tie)U of Texas - Dallas
75%
118 (tie)U of Vermont
75%
143 (tie)U of New Hampshire
75%
118 (tie)New Jersey Institute of Technology
75%
80 (tie)Brigham Young University
75%
97 (tie)UC Santa Cruz
75%
30 (tie)UC Santa Barbara
75%
66 (tie)Fordham
75%
58 (tie)Syracuse
75%
49 (tie)Northeastern
75%
49 (tie)Lehigh
75%
42 (tie)Brandeis
75%
66 (tie)Southern Methodist University
75%
21Emory
75%
88 (tie)SUNY Stony Brook
75%
88 (tie)Marquette
75%
88 (tie)UC Riverside
75%
103 (tie)U of South Florida
63%
133 (tie)Seton Hall
63%
97 (tie)UC Merced
63%
103 (tie)Saint Louis University
63%
66 (tie)Worcester Polytechnic Institute
63%
143 (tie)U of Alabama
63%
80 (tie)Stevens Institute of Technology
63%
133 (tie)Drexel University
63%
88 (tie)Elon University
63%
143 (tie)U of Tulsa
63%
35 (tie)UC San Diego
63%
88 (tie)Colorado School of Mines
63%
53 (tie)Rensselaer
50%
143 (tie)George Mason University
50%
53 (tie)Santa Clara
50%
133 (tie)U of Dayton
50%
66 (tie)Loyola Marymount
50%
76 (tie)Yeshiva
50%
124 (tie)Seattle University
50%
103 (tie)Temple University
50%
124 (tie)Illinois Institute of Technology
50%
124 (tie)Drake University
50%
112 (tie)U of Illinois - Chicago
50%
80 (tie)Howard
50%
103 (tie)Clark University
38%
153 (tie)Quinnipiac University
38%
112 (tie)Creighton
38%
153 (tie)Michigan Tech
38%
112 (tie)Loyola Chicago
38%
112 (tie)Rochester Institute of Technology
38%
153 (tie)U of Alabama - Birmingham
38%
133 (tie)U of the Pacific
38%
124 (tie)DePaul University
38%
124 (tie)Chapman University
25%
133 (tie)The New School
25%
118 (tie)SUNY ESF
25%
143 (tie)Catholic University
25%
143 (tie)Samford University
25%
143 (tie)U of Cincinatti
13%
124 (tie)Clarkson University
13%
143 (tie)Duquesne University
13%
133 (tie)U of St. Thomas (Minnesota)
13%
124 (tie)Gallaudet University
13%
133 (tie)Simmons University
13%

Score Distribution

Percentile by Number Answered

Percent of People with Each Score

Your Score History

You have not taken this quiz since the last reset